000 00469nam a2200181Ia 4500
008 240925s9999 xx 000 0 und d
020 _aNA
082 _a006.5 BAE
100 _aBaert, Luc.
245 0 _aDigital Audio and Compact Disk Technic
250 _a3rd
260 _aNA
_bNot Available
_cNA
300 _a0
_bNA
_fOriginal
500 _aIncludes Index
600 _aComputer Science
650 _aComputer science, information & general works
942 _cBK
999 _c2764
_d2764